Astronauts - sudden death - Statistics

General Stats
  • This quiz has been taken 198 times
  • The average score is 6 of 11
Answers on the Grid
Answers color-coded by a green-red scale on the quiz's grid according to % correct below.
Yuri Gagarin
George Lucas
Elon Musk
Alan Shepard
Mark Hamill
Albert Einstein
Valentina Tereshkova
Saudi prince, Sultan Al-Saud
Lionel Messi
Oliver Hardy
Kurt Waldheim
Hunter Thompson
Leonard Nimoy
Leonard Cohen
Neil Armstrong
Barbara Bush
RIchard Branson
Stephen Hawking
Boris Yeltsin
Mad Dog Mattis
Whoopi Goldberg
John Glenn
Carl Sagan
Buzz Aldrin
Jeff Bezos
Syd Barrett
Michael Collins
Helen Sharman
Mike Tyson
Richard Nixon
 
Answer Stats
Answer % Correct
First astronaut Yuri Gagarin
96%
First person on the moon Neil Armstrong
80%
Buzz Aldrin
69%
First American Alan Shepard
68%
First female Valentina Tereshkova
62%
John Glenn
58%
Michael Collins
50%
Reached over 60 miles Jeff Bezos
28%
Reached 53 miles RIchard Branson
27%
Helen Sharman
26%
Saudi prince, Sultan Al-Saud
15%
No matching quizzes found
Score Distribution
Percent of People with Each Score
Percentile by Number Answered
Your Score History
You have not taken this quiz